000 00260nam a2200109Ia 4500
008 200302s9999 xx 000 0 und d
100 _aLim Cj
245 _aStudio 8 Architects Cj Lim
260 _bImages Publishing, Austraila
260 _c2005
300 _a122 P
999 _c4872
_d4872